000 01124naa a22003017a 4500
001 BR9400274
003 BR-BrBNA
005 20240918181113.0
007 ta
008 230509b bl.||||| |||| 00| 0 por d
040 _aBR-BrBNA
_bpor
_cBiblioteca Nacional de Agricultura
041 _a(Pt)
072 _aF40; K10
090 _aF40 BR9400274
100 1 _aGoes Filho, L.
111 1 _aSimposio sobre Caatinga e sua Exploracao Racional
_cFeira de Santana, BA (Brazil)
_d26-30 Nov 1984
245 1 _aPrograma de monitoramento do nordeste brasileiro - atualizacao das cartas de vegetacao
260 3 _aBrasilia, DF (Brasil):
_c1986.
500 _aAnais do Simposio sobre Caatinga e sua exploracao racional Brasilia, DF (Brasil): 1986. p. 261-269 (BR9400274-AM)F40
650 _aCobertura Vegetal
650 _aInventario Florestal
650 _aLevantamento
650 _aVegetacao
650 _aRegiao Nordeste
773 0 _tAnais do Simposio sobre Caatinga e sua exploracao racional
_wF40 BR9400274
_gBrasilia, DF (Brasil), 1986. p. 261-269
909 _a202404
_bLucia
_c55
_dLucia Elande
942 _cAM
_2AGRIS
999 _c323631
_d323631